Les 25 plus grand club du monde - Statistiques

Statistiques générales
  • Ce quiz a été pris 181 fois
  • Le résultat moyen est 11 sur 25
Statistiques - réponses
Classement Pays Réponse % Correct
N°1 Espagne Real madrid
98%
N°9 Angleterre Manchester City
81%
N°7 France PSG
78%
N°5 Angleterre Liverpool
77%
N°4 Allemagne Bayern Munich
74%
N°10 Angleterre Arsenal
67%
N°8 Angleterre Chelsea
65%
N°6 Italie Juve
65%
N°15 Italie Inter Milan
64%
N°2 Espagne Barça
63%
N°13 Espagne Atletico Madrid
56%
N°16 Pays-Bas Ajax
47%
N°11 Italie Milan ac
44%
N°14 Angleterre Tottenham
43%
N19 Portugal Benfica
42%
N°17 France Marseille
42%
N°25 Italie Roma
29%
N°18 argentina Boca juniors
25%
N°12 Allemagne BVB
19%
N°21 Ecosse Glasgow
18%
N°22 Egypte Al-Ahly
9%
N°23 Allemagne Schalke
9%
N24 Allemagne Sttuttgart
8%
N°3 UNngleterre Manchester Utd
4%
N°20 Allemagne Borussia Mönchengladbach
2%
Aucun quiz correspondant
Distribution des résultats
% des personnes avec chaque résultat
Percentile par nombre de réponses
Votre historique - résultats
Vous n’avez pas pris ce quiz